000 00861nam a2200265Ia 4500
003 OSt
005 20220918164906.0
006 a|||||r|||| 00| 0
007 ta
008 220917b |||||||| |||| 00| 0 eng d
020 _a0805853952 (hbk)
_c3235.15
024 _a238,120
037 _b076, 31/10/2008, Insat Books & Periodicals
_cTextual
040 _aARTS
_cARTS
_beng
041 _2eng
_aeng
082 _aS:4, P6
100 _aViale Riccardo Ed.
_921533
245 0 _aBiological and cultural bases of human inference
260 _aNew Jersey
_bLawrence Erlbaum Associates Publishers USA
_c2006
300 _axii,250p.
_ccm.
650 _aPSYCHOLOGY
700 _a Andler Daniel Ed.
_921534
942 _hS:4, P6
_cTEXL
_2CC
999 _c127264
_d127264